Una aproximacin̤ a la causalidad en el derecho

Bibliographic Details
Main Author: Laborde, Adolfo Prunotto
Format: eBook
Language:Spanish
Published: Buenos Aires : Editorial vLex, 2012
Subjects:
Online Access:http://www.vlex.com/source/6872

MARC

LEADER 00000nam a22000007a 4500
005 20130121144408.0
007 cr|||| ||||
008 130121e2012 ag |||||s|||| 00||0 spa d
035 |a 6872 
040 |a vLex 
090 |c 3559  |d 3559 
100 1 0 |a Laborde, Adolfo Prunotto 
245 1 4 |a Una aproximacin̤ a la causalidad en el derecho  |h [Recurso electrn̤ico] 
256 |a Servicio en ln̕ea 
260 |a Buenos Aires :  |b Editorial vLex,   |c 2012  
300 |a 1 Recurso electrn̤ico 
650 0 4 |a Teora̕ General del Derecho 
740 |a vLex Libros (Servicio en ln̕ea) 
856 |u http://www.vlex.com/source/6872 
942 |c BOOK 
999 0 |a Theory of law